000 00807nam a2200229Ii 4500
003 JO-AjNU
008 230605s9999||||xx |||||||||||||| ||und||
017 _a2019/9/4836
020 _a978-9923-28-048-5
040 _aJO-AjNU
_bara
_erda
_cJO-AjNU
041 _aara
050 1 4 _aT58.6.2020
100 3 _aالشيباوي، حامد كاظم متعب,
_eauthor
_961536
245 0 0 _aنظم المعلومات الاستراتيجية
250 _aط1
264 3 1 _aعمان: دار صفاء للنشر والتوزيع، 2020
300 _a260ص
336 _atext
_btxt
_2rdacontent
337 _aunmediated
_bn
_2rdamedia
338 _avolume
_bnc
_2rdacarrier
650 4 _aنظم المعلومات الادارية-التخطيط الاستراتيجي-الادارة التنفيذية
_961537
999 _aA27820
_c31388
_d31388